Statistiques concernant french vocabulary test 1 (face,hand, foot)

Cliquez ici pour prendre le quiz!

Statistiques générales

  • Ce quiz a été pris 425 fois
  • Le résultat moyen est 23 sur 36

Statistiques - réponses

HintRéponse% Correct
handla main
96%
nosele nez
96%
hairles cheveux
95%
facele visage
95%
footle pied
93%
eyel'oeil
93%
earl'oreille
92%
lipla levre
84%
skinla peau
84%
index fingerl'index
79%
eyebrowle sourcil
78%
naill'ongle
78%
middle fingerle majeur
77%
eyelashle cil
76%
thumble pouce
74%
foreheadle front
71%
ring fingerl'annulaire
70%
little fingerl'auriculaire
70%
toel'orteil
69%
cheekla joue
63%
big toele gros orteil
60%
anklela cheville
57%
chinle menton
54%
porele pore
54%
palmla paume
53%
templela tempe
53%
cuticlela cuticule
49%
wristle poignet
48%
fistle poing
46%
heelle talon
42%
frecklela tache de rousseur
30%
nostrilla narine
25%
wrinklela ride
25%
dimplela fossette
15%
molele grain de beaute
15%
knucklele noeud de l'articulation
2%

Distribution des résultats

Percentile par nombre de réponses

% des personnes avec chaque résultat

Votre développement - résultats

Vous n’avez pas pris ce quiz